| 000 | 01143cab a22002055a 4500 | ||
|---|---|---|---|
| 001 | L138384 | ||
| 008 | 070601s2007 xxk f 000 0 eng d | ||
| 035 | _a(Sirsi) u138384 | ||
| 041 | 0 | _aeng | |
| 100 | 1 | _aKershaw, Charlotte | |
| 245 | 0 | 0 | _aVoluntary land registration |
| 260 | _c2007 | ||
| 490 |
_aSouth East Farmer _vMay 2007, 40(1) |
||
| 520 | _aDescribes the state of land registration. The Land Registry has been in existence since 1862. Compulsory land registration is on the increase since the Land Registration Act 2002 came into force. Less than 60% of land is registered, but the government aims to increase this by 2012. More transactions now trigger compulsory registration. This benefits the owner with greater protection against adverse possession claims. E-conveyancing is also being rolled out, making the bureaucratic process more user friendly. The main prohibitive factor for landowners is still the cost involved. | ||
| 590 | _aKA | ||
| 650 | 2 | 4 | _aLAND REGISTRATION ACT 2002 |
| 651 | 4 |
_aEngland and Wales _y1543- |
|
| 690 | _aPROPERTY-RURAL AND NATURAL ASSETS-AGRICULTURAL PROPERTY-AGRICULTURAL LAND | ||
| 942 | _n0 | ||
| 999 |
_c78844 _d78844 |
||